000 00592nam a2200217Ia 4500
005 20241129104158.0
008 241129s9999||||xx |||||||||||||| ||und||
020 _a9781639877409
037 _aTextual
040 _aRTL
_beng
_cRTL
041 _aeng
_2eng
084 _aX64:(B) R3
_qRTL
100 _aWalsh Douglas
_9725122
245 0 _aFinancial economics and econometrics
_cWalsh Douglas
260 _aUSA
_bMurphy and Moore
_c2023
300 _avi,237p.
365 _aINR
_b13362.22
650 _aEconomics
942 _cTB
_hX64:(B) R3
999 _c1224758
_d1224758